000 01452cam a22004094i 4500
003 PE-LiUPU
005 20250731184526.0
008 s1965 r 000 0 spa d
035 _a(Sirsi) a204026
040 _aPE-LiUPU
_bspa
_cPE-LiUPU
_erda
049 _aPRUA
082 0 4 _a979.8
_bV41
100 1 _aVelikovsky, Immanuel,
_eautor.
245 _aEarth in Upheaval /
_cImmanuel Velikovsky.
264 _aNueva York :
_bDelta,
_c1965.
300 _a308 páginas ;
_c19 centímetros.
336 _text
_2rdacontent
337 _unmediated
_2rdamedia
338 _volume
_2rdacarrier
505 0 _aIn the north -- Revolution -- Uniformity -- Ice -- Tidal wave -- Mountains and rifts -- Deserts and oceans -- Poles displaced -- Axis shifted -- Thirty-five centuries ago -- Klimasturz -- The ruins of the east -- Collapsing schemes -- Extinction -- Cataclysmic evolution -- The end.
526 _aP136
526 _aP135
526 _aP134
526 _aP133
526 _aP144
526 _aP143
526 _aP87
526 _aP35
526 _aP20
526 _aP14
526 _aP10
526 _aP06
596 _a1
942 _2ddc
_cBOOK
999 _a979.8 V41
_wLC
_c20404
_i75843
_d20404
_f2021-11-12
_g4
_lCCODEBUL1
_mBUL
_q3
_r0
_sY
_tBOOK
_u2017-5-22
_xTEOLOGIA
_PP85
_0COMPRA
_o.STAFF. Colección Teología
980 _81
_gALBERTO SANCHEZ Responsable de Automatización